UBT Library

Everyone's an author with readings / (Record no. 44148)

000 -LEADER
fixed length control field 00776cam a22002538i 4500
001 - CONTROL NUMBER
control field 18876476
005 - DATE AND TIME OF LATEST TRANSACTION
control field 20180306043712.0
008 - FIXED-LENGTH DATA ELEMENTS--GENERAL INFORMATION
fixed length control field 151201s2017 nyu b 001 0 eng
010 ## - LIBRARY OF CONGRESS CONTROL NUMBER
LC control number 2015044578
020 ## - INTERNATIONAL STANDARD BOOK NUMBER
International Standard Book Number 9780393265293 (pbk.)
040 ## - CATALOGING SOURCE
Original cataloging agency DLC
Language of cataloging eng
Transcribing agency DLC
Description conventions rda
041 ## - LANGUAGE CODE
Language code of text/sound track or separate title eng
042 ## - AUTHENTICATION CODE
Authentication code pcc
080 ## - UNIVERSAL DECIMAL CLASSIFICATION NUMBER
Universal Decimal Classification number 808.0427 LUN
082 00 - DEWEY DECIMAL CLASSIFICATION NUMBER
Classification number 808.0427 LUN
Edition number 23
100 1# - Rafti
Rafti 25
101 ## - Shkurtesa
Shkurtesa EDU
245 10 - TITLE STATEMENT
Title Everyone's an author with readings /
Statement of responsibility, etc Andrea Lunsford ; Michal Brody ; Lisa Ede ; Beverly J. Moss ; Carole Clark Papper ; Keith Walters.
263 ## - PROJECTED PUBLICATION DATE
Projected publication date 1704
504 ## - BIBLIOGRAPHY, ETC. NOTE
Bibliography, etc Includes bibliographical references and index.
906 ## - LOCAL DATA ELEMENT F, LDF (RLIN)
a 7
b cbc
c orignew
d 1
e ecip
f 20
g y-gencatlg
942 ## - ADDED ENTRY ELEMENTS (KOHA)
Source of classification or shelving scheme
Item type Books
Holdings
Withdrawn status Lost status Source of classification or shelving scheme Damaged status Not for loan Collection code Permanent location Current location Shelving location Date acquired Total Checkouts Full call number Barcode Date last seen Price effective from Koha item type
          Koleksioni i përgjithshem UBT - Lipjan UBT - Lipjan Koleksioni i përgjithshem 03/06/2018   808.0427 LUN 002-3001233 03/06/2018 03/06/2018 Books
UBT Library © 2015-2024. All rights reserved University Education for Business and Technology